| 000 | 00460nam a2200181Ia 4500 | ||
|---|---|---|---|
| 001 | 15591 | ||
| 005 | 20260306170207.0 | ||
| 008 | 260306t2014||||xx |||||||||||||| ||und|| | ||
| 041 | _aESP | ||
| 082 |
_a550 _bS82 |
||
| 100 |
_aStoppa, Michele _eAUT |
||
| 245 | 0 |
_aIntroduzione alla didattica delle geoscienze: _bproblemi e prospettive |
|
| 260 | _c2014 | ||
| 300 |
_a212 páginas : _c24 cm. |
||
| 650 | _aGEN | ||
| 654 | _aCCN | ||
| 942 |
_cLIB _dJUS _fJUS _2ddc _n |
||
| 999 |
_c15591 _d15591 |
||